[Event "17th European Club Cup w"]
[Site "Eilat ISR"]
[Date "2012.10.13"]
[Round "3.4"]
[White "Savina, Anastasia"]
[Black "Muzychuk, Mariya"]
[Result "0-1"]
[WhiteTitle "IM"]
[BlackTitle "IM"]
[WhiteElo "2303"]
[BlackElo "2474"]
[WhiteTeam "SHSM-Nashe Nasledie"]
[BlackTeam "AVS"]
[WhiteFideId "4196872"]
[BlackFideId "14114550"]
[EventDate "2012.10.11"]

1. d4 e6 2. c4 f5 3. g3 Nf6 4. Bg2 g6 5. Nf3 Bg7 6. b4 O-O 7. O-O d6 8. Bb2 Qe7
9. a4 Nbd7 10. Nbd2 e5 11. dxe5 dxe5 12. c5 e4 13. Qb3+ Kh8 14. Nd4 Ne5 15. f3
Nf7 16. fxe4 fxe4 17. Rf4 Ng5 18. Qc2 Bh3 19. Raf1 Nd5 20. Rxf8+ Rxf8 21. Rxf8+
Qxf8 22. Qb3 c6 23. Bxh3 Nxh3+ 24. Kg2 Qf2+ 25. Kxh3 Bxd4 26. e3 Bg7 27. Bxg7+
Kxg7 28. Qb2+ Kf7 29. Qd4 Nf6 30. g4 h5 31. gxh5 g5 32. Qc4+ Kf8 0-1

[Event "17th European Club Cup w"]
[Site "Eilat ISR"]
[Date "2012.10.13"]
[Round "3.2"]
[White "Koneru, Humpy"]
[Black "Harika, Dronavalli"]
[Result "1/2-1/2"]
[WhiteTitle "GM"]
[BlackTitle "GM"]
[WhiteElo "2607"]
[BlackElo "2512"]
[WhiteTeam "Cercle d'Echecs de Monte-Carlo"]
[BlackTeam "Mika"]
[WhiteFideId "5008123"]
[BlackFideId "5015197"]
[EventDate "2012.10.11"]

1. d4 e6 2. Nf3 d5 3. g3 Nf6 4. Bg2 b5 5. O-O Bb7 6. b3 Nbd7 7. Nbd2 b4 8. a3 a5
9. axb4 axb4 10. Bb2 Be7 11. c4 bxc3 12. Bxc3 O-O 13. Rxa8 Qxa8 14. Qc2 Qa6 15.
Ra1 Qc6 16. Ne1 Ra8 17. Rxa8+ Bxa8 18. e3 Bb7 19. Ba5 Qxc2 20. Nxc2 Bd6 21. Bb4
c5 22. Ba3 Kf8 23. f3 Ke7 24. Bf1 cxd4 25. Bxd6+ Kxd6 26. Nxd4 g6 27. Kf2 e5 28.
Nc2 Ne8 29. g4 Nc7 30. Nb4 Kc5 31. Nd3+ Kd6 32. Nb4 Kc5 33. Nd3+ Kd6 34. Nb4 1/2-1/2

[Event "17th European Club Cup w"]
[Site "Eilat ISR"]
[Date "2012.10.13"]
[Round "3.1"]
[White "Klinova, Masha"]
[Black "Girya, Olga"]
[Result "1/2-1/2"]
[WhiteTitle "IM"]
[BlackTitle "WGM"]
[WhiteElo "2324"]
[BlackElo "2454"]
[WhiteTeam "Ashdod"]
[BlackTeam "Ugra"]
[WhiteFideId "2802015"]
[BlackFideId "4195752"]
[EventDate "2012.10.11"]

1. e4 c5 2. Nf3 e6 3. c4 Nc6 4. Nc3 Nd4 5. Nxd4 cxd4 6. Ne2 e5 7. Ng3 g6 8. Be2
h5 9. O-O Bh6 10. c5 h4 11. Nh1 Nf6 12. d3 Bxc1 13. Rxc1 g5 14. Qd2 Rg8 15. f3
d6 16. Bd1 Be6 17. Qb4 dxc5 18. Qxc5 Nd7 19. Ba4 f6 20. Nf2 Qe7 21. Qc7 Qb4 22.
Bb3 Ke7 23. Bxe6 Kxe6 24. a3 Qd6 25. Qc4+ Ke7 26. Ng4 Rh8 27. Rc2 Rab8 28. Rfc1
Nb6 29. Qc7+ Qxc7 30. Rxc7+ Ke6 31. Kf2 Rhc8 32. Nh6 Rxc7 33. Rxc7 Rc8 34. Rxb7
Rc2+ 35. Kf1 Rc1+ 36. Kf2 Rc2+ 37. Kf1 Rc1+ 38. Kf2 1/2-1/2

[Event "17th European Club Cup w"]
[Site "Eilat ISR"]
[Date "2012.10.13"]
[Round "3.2"]
[White "Romanko, Marina"]
[Black "Borsuk, Angela"]
[Result "1/2-1/2"]
[WhiteTitle "IM"]
[BlackTitle "IM"]
[WhiteElo "2365"]
[BlackElo "2260"]
[WhiteTeam "Ugra"]
[BlackTeam "Ashdod"]
[WhiteFideId "4149351"]
[BlackFideId "2806452"]
[EventDate "2012.10.11"]

1. d4 Nf6 2. c4 d6 3. Nc3 g6 4. Nf3 Bg7 5. Bf4 O-O 6. e3 Bg4 7. Be2 c6 8. O-O
Nbd7 9. h3 Bxf3 10. Bxf3 e5 11. dxe5 dxe5 12. Bg3 Qe7 13. Qc2 a5 14. Rad1 Nb6
15. Be2 Nfd7 16. Rfe1 Nc5 17. Bf1 Rfd8 18. f3 a4 19. Bf2 e4 20. Nxe4 Nxe4 21.
fxe4 Re8 22. Bd3 Nd7 23. Bg3 Nc5 24. Qe2 Rad8 25. Bb1 Nxe4 26. Bf4 h6 27. Qc2
Rxd1 28. Rxd1 a3 29. Qxe4 Qxe4 30. Bxe4 Rxe4 31. b3 g5 32. Bd6 Bb2 33. Kf2 b5
34. cxb5 cxb5 35. Bc5 Re8 36. Rd5 Rc8 37. Ke2 Kh7 38. g4 Kg6 39. b4 h5 40. Rd6+
f6 41. Rb6 hxg4 42. hxg4 Rh8 43. Rxb5 Rh2+ 44. Kf3 Bc3 45. Ra5 Rxa2 46. Ra6 Ra1
47. b5 a2 48. Ke4 Be5 49. Ba7 Rb1 50. Rxa2 Rxb5 1/2-1/2

[Event "17th European Club Cup w"]
[Site "Eilat ISR"]
[Date "2012.10.13"]
[Round "3.3"]
[White "Vasiliev, Olga"]
[Black "Shadrina, Tatiana"]
[Result "1/2-1/2"]
[WhiteTitle "WIM"]
[BlackTitle "WGM"]
[WhiteElo "2240"]
[BlackElo "2361"]
[WhiteTeam "Ashdod"]
[BlackTeam "Ugra"]
[WhiteFideId "2807602"]
[BlackFideId "4119118"]
[EventDate "2012.10.11"]

1. e4 Nf6 2. e5 Nd5 3. d4 d6 4. c4 Nb6 5. exd6 cxd6 6. Nf3 g6 7. Be3 Bg7 8. Be2
O-O 9. O-O Nc6 10. Qb3 d5 11. c5 Nc4 12. Nc3 b6 13. cxb6 Nxb6 14. Rac1 Bg4 15.
Rfd1 Na5 16. Qc2 Rc8 17. b3 e6 18. Qd2 Nc6 19. h3 Bxf3 20. Bxf3 Ne7 21. Ne2 Nf5
22. Bg5 Qd7 23. g4 Nd6 24. Bh6 Qe7 25. Bg5 f6 26. Bf4 Ne4 27. Bxe4 dxe4 28. Rxc8
Rxc8 29. Rc1 Rxc1+ 30. Qxc1 g5 31. Be3 h6 32. Ng3 Qd7 33. Qc5 Nd5 34. Nxe4 f5
35. gxf5 exf5 36. Nd6 Qe6 37. Qc8+ Qxc8 38. Nxc8 f4 39. Bd2 Bxd4 40. Nd6 h5 41.
a4 Bc5 42. Ne4 Be7 43. Nc3 Nxc3 44. Bxc3 f3 45. b4 Kf7 46. b5 Bc5 47. a5 Ke6 48.
Bd2 g4 49. hxg4 hxg4 50. Bf4 Kd7 51. Bb8 Bb4 52. Bxa7 Bxa5 53. b6 Kc6 54. Kh2
Kb7 55. Kg3 Be1 1/2-1/2

[Event "17th European Club Cup w"]
[Site "Eilat ISR"]
[Date "2012.10.13"]
[Round "3.4"]
[White "Bezgodova, Maria"]
[Black "Tsifanskaya, Ludmila A"]
[Result "1/2-1/2"]
[WhiteTitle "WIM"]
[BlackTitle "WIM"]
[WhiteElo "2177"]
[BlackElo "2087"]
[WhiteTeam "Ugra"]
[BlackTeam "Ashdod"]
[WhiteFideId "24111260"]
[BlackFideId "2802368"]
[EventDate "2012.10.11"]

1. e4 c5 2. Nf3 e6 3. d4 cxd4 4. Nxd4 Nf6 5. Nc3 Nc6 6. Nxc6 bxc6 7. e5 Nd5 8.
Ne4 f5 9. exf6 Nxf6 10. Nd6+ Bxd6 11. Qxd6 Qb6 12. Bd3 Ba6 13. c4 c5 14. Qg3 O-O
15. O-O d5 16. b3 Rad8 17. Be3 Rd7 18. Rac1 d4 19. Bd2 Bb7 20. f3 Re8 21. Rfe1
Rf7 22. Re2 Nd7 23. Qh3 Nf8 24. Rce1 Bc8 25. Re5 Ng6 26. Bxg6 hxg6 27. Qg4 Ref8
28. Qxg6 Rf5 29. Rxf5 Rxf5 30. Qe8+ Rf8 31. Qe7 Rf7 32. Qg5 Qc7 33. Re4 Rf5 34.
Qg3 e5 35. f4 exf4 36. Rxf4 Rxf4 37. Qxf4 Qc6 38. Qf3 Qg6 39. Qd5+ Kh7 40. Qxc5
Bb7 41. Qg5 Qb1+ 42. Kf2 Qxa2 43. Qf5+ Kg8 44. Qd3 Qb2 45. b4 Be4 46. Qe2 d3 47.
Qe3 Qf6+ 48. Kg1 Qg6 49. Qg5 Qc6 50. Bc3 Bg6 51. Qe5 Qd7 52. Bd2 Bf7 53. c5 a6
54. Kf2 Bc4 55. Ke3 Bb5 56. g3 Qc6 57. Kd4 Qc8 58. Qd5+ Kh7 59. Qh5+ Kg8 60.
Qd5+ Kh7 61. h4 Qh3 62. Qh5+ Kg8 63. Qd5+ Kh7 64. Qe4+ Kg8 65. Qf3 Qh2 66. Qe3
Qh3 67. Kc3 Qg4 68. Qf4 Qd1 69. Kd4 Qg1+ 70. Qe3 Qa1+ 71. Kd5 Qh1+ 72. Kd4 Qa1+
73. Kd5 Qh1+ 74. Kd4 1/2-1/2

[Event "17th European Club Cup w"]
[Site "Eilat ISR"]
[Date "2012.10.13"]
[Round "3.2"]
[White "Reprun, Nadejda"]
[Black "Bronnikova, Elizaveta"]
[Result "0-1"]
[BlackTitle "WIM"]
[WhiteElo "2143"]
[BlackElo "2244"]
[WhiteTeam "Rishon Le-Zion"]
[BlackTeam "Chigorin Club"]
[WhiteFideId "2806843"]
[BlackFideId "4157087"]
[EventDate "2012.10.11"]

1. e4 c5 2. Nf3 d6 3. d4 cxd4 4. Nxd4 Nf6 5. Nc3 Nc6 6. Bc4 e6 7. Bb3 Be7 8. Be3
a6 9. O-O Qc7 10. f4 Na5 11. Ba4+ Bd7 12. Bxd7+ Qxd7 13. e5 dxe5 14. fxe5 Nc4
15. Bf4 Bc5 16. exf6 Bxd4+ 17. Kh1 Bxc3 18. Qxd7+ Kxd7 19. Rad1+ Kc6 20. bxc3
gxf6 21. Rd4 b5 22. Bc1 f5 23. Rfd1 Ra7 24. g3 f6 25. Kg2 h5 26. Rd8 Rxd8 27.
Rxd8 h4 28. Rf8 hxg3 29. hxg3 Kd5 30. Rxf6 Nd6 31. Rf8 Rc7 32. Bd2 b4 33. Kf3
bxc3 34. Bf4 e5 35. Bc1 Nb5 36. Ke3 Nd4 37. Kd3 e4+ 38. Ke3 Nxc2+ 39. Kf4 Nd4
40. Ke3 Kc4 41. Rd8 Nc2+ 42. Kf4 Rc5 43. g4 fxg4 44. Kxe4 g3 45. Rg8 Nb4 46.
Rxg3 Nxa2 47. Be3 Rc8 48. Rg4 c2 49. Kf3+ Kb3 0-1

[Event "17th European Club Cup w"]
[Site "Eilat ISR"]
[Date "2012.10.13"]
[Round "3.3"]
[White "Ivkina, Olga"]
[Black "Federovski, Adi"]
[Result "1-0"]
[WhiteTitle "WIM"]
[WhiteElo "2266"]
[BlackElo "1829"]
[WhiteTeam "Chigorin Club"]
[BlackTeam "Rishon Le-Zion"]
[WhiteFideId "4156820"]
[BlackFideId "2813777"]
[EventDate "2012.10.11"]

1. e4 d6 2. d4 Nf6 3. Nc3 g6 4. Nf3 Bg7 5. Be2 O-O 6. O-O c6 7. a4 Nbd7 8. h3 e5
9. Be3 Qe7 10. d5 Nh5 11. Nd2 Nf4 12. dxc6 Nxe2+ 13. Nxe2 bxc6 14. Nc4 Ba6 15.
Na5 Rfc8 16. c4 Nf6 17. Nc3 Qc7 18. b4 Rab8 19. Rb1 h6 20. f3 Nh5 21. Qd2 Nf4
22. Rfd1 Rd8 23. Qf2 Rxb4 24. Rxb4 Qxa5 25. Qb2 Qc7 26. Qc2 Bf8 27. Kh2 d5 28.
Rbb1 dxc4 29. Rxd8 Qxd8 30. Bxa7 Qd7 31. Be3 Ne6 32. Rb6 Qc8 33. Qf2 Kh7 34. a5
Be7 35. Qb2 Bd8 36. Rb8 Qd7 37. Bb6 Bc7 38. Bxc7 Nxc7 39. Ne2 Qd6 40. Qb4 c5 41.
Qb6 Qe7 42. Nc3 Qg5 43. Qxc7 Qf4+ 44. Kg1 1-0